Indikátory udržateľného rozvoja

Udržateľný rozvoj a jeho piliere. Indikátory udržateľného rozvoja na Slovensku. Meranie trvalo udržateľného rozvoja. Indikátory udržateľného rozvoja miest. Organizácie a inštitúcie pôsobiace v oblasti trvalo udržateľného rozvoja.

Salvato in:
Dettagli Bibliografici
Autore principale: Štefaňák, Peter
Natura: Capitolo di libro
Lingua:slovacco
Soggetti:
Tags: Aggiungi Tag
Nessun Tag, puoi essere il primo ad aggiungerne!!

MARC

LEADER 00000nla$a2200000$$$4500
001 0118831
005 20240502072327.8
041 0 |a slo 
044 |a SK 
245 1 0 |a Indikátory udržateľného rozvoja  |c Peter Štefaňák 
520 |a Udržateľný rozvoj a jeho piliere. Indikátory udržateľného rozvoja na Slovensku. Meranie trvalo udržateľného rozvoja. Indikátory udržateľného rozvoja miest. Organizácie a inštitúcie pôsobiace v oblasti trvalo udržateľného rozvoja. 
610 2 0 |a rozvoj trvalo udržateľný 
610 2 0 |a ukazovatele 
610 2 0 |a meranie 
610 2 0 |a mestá 
610 2 0 |a organizácie 
100 1 |a Štefaňák, Peter